Administración de operaciones. Un énfasis conceptual.

Bibliographic Details
Main Author: Meredith, Jack R.
Format: Section = Libro
Language:Undetermined
Spanish
Published: México Limusa/Wiley 1999
Edition:2a.ed
Subjects:
LEADER 00684nam a2200241Ia 4500
008 240830s9999 xx 000 0 und d
020 |a 968-18-4661-3 
040 |a B-ESTELÍ- RUACS / 658.1 M559 
041 |a spa 
082 |a 658.1 M559 
100 1 |a Meredith, Jack R. 
245 1 0 |a Administración de operaciones. Un énfasis conceptual. 
250 |a 2a.ed 
260 |a México  |b Limusa/Wiley  |c 1999 
300 |a 781 p. : il 
650 7 |a ADMINISTRACIO DE OPERACIONES 
650 7 |b  FUNCION DE OPERACIONES 
650 7 |c  ESTRATEGIA DE OPERACIONES 
650 7 |d  PLANEACION DE OPERACIONES 
650 7 |e  CONTROL DE CALIDAD 
942 |c BK  |2 ddc 
991 |a TEXTO 
999 |c 11436